000 00208 a2200097 4500
001 22602
100 _aFowler, F S
245 _aPocket Oxford dictionary
260 _a
_bOxford
_c1959
090 _c15259
_d15259
942 _aNUST-CAE
_cM
_c5846
999 _c257675
_d257675